[Event "Arnold Eikrem Memorial"]
[Site "Oslo"]
[Date "2009.04.05"]
[Round "2"]
[White "Elsness, Frode"]
[Black "Macieja, Bartlomiej"]
[Result "0-1"]
[WhiteElo "2441"]
[BlackElo "2601"]
[PlyCount "68"]
[EventDate "2009.??.??"]

1. d4 Nf6 2. c4 e6 3. Nf3 d5 4. Nc3 dxc4 5. e3 a6 6. Bxc4 b5 7. Bb3 Bb7 8. O-O
c5 9. Qe2 Nbd7 10. e4 cxd4 11. Nxd4 Qb8 12. Re1 Bc5 13. e5 Qxe5 14. Qxe5 Nxe5
15. Nxe6 fxe6 16. Rxe5 Bxf2+ 17. Kf1 Bc8 18. Rg5 Bd4 19. Rxg7 Ra7 20. Rxa7 Bxa7
21. Ke2 Rg8 22. g3 h5 23. Bf4 h4 24. Rc1 Bd7 25. Kd3 hxg3 26. Bxg3 Rg6 27. Ne4
Nxe4 28. Kxe4 Bb6 29. Bd1 Rg5 30. Be5 Ke7 31. Bf3 Be8 32. Bd4 Bg6+ 33. Ke3 Re5+
34. Kf4 Bxd4 0-1

[Event "Arnold Eikrem Memorial"]
[Site "Oslo"]
[Date "2009.04.04"]
[Round "1"]
[White "Johannessen, Leif Erlend"]
[Black "Elsness, Frode"]
[Result "0-1"]
[WhiteElo "2540"]
[BlackElo "2441"]
[PlyCount "88"]
[EventDate "2009.??.??"]

1. Nf3 Nf6 2. c4 g6 3. Nc3 d5 4. cxd5 Nxd5 5. Qa4+ Nc6 6. Ne5 Qd6 7. Nxc6 Qxc6
8. Qxc6+ bxc6 9. e4 Nb4 10. Kd1 Be6 11. b3 Bh6 12. d3 Bg7 13. Bb2 O-O-O 14. Na4
Bxb2 15. Nxb2 Nxa2 16. Kc2 Nb4+ 17. Kc3 c5 18. Rxa7 Nc6 19. Ra8+ Kd7 20. Rxd8+
Rxd8 21. Na4 Kd6 22. f4 Nd4 23. g3 Bxb3 24. e5+ Kc6 25. Bg2+ Bd5 26. Bxd5+ Kxd5
27. Kd2 Rb8 28. Ke3 Rb4 29. Nc3+ Kc6 30. Ne4 Rb2 31. Nd2 Kd5 32. Rf1 Nf5+ 33.
Ke2 Kd4 34. Rc1 Ne3 35. Ra1 c4 36. Ra4 Rc2 37. Ra3 c5 38. Ra4 h5 39. h3 e6 40.
h4 Nf5 41. dxc4 Nxg3+ 42. Kd1 Rc3 43. Ra7 Ke3 44. Rxf7 Rd3 0-1

[Event "Arnold Eikrem Memorial"]
[Site "Oslo"]
[Date "2009.04.04"]
[Round "1"]
[White "Handke, Florian"]
[Black "Øgaard, Leif"]
[Result "1/2-1/2"]
[WhiteElo "2496"]
[BlackElo "2403"]
[PlyCount "69"]
[EventDate "2009.??.??"]

1. e4 c6 2. d4 d5 3. e5 Bf5 4. Nf3 e6 5. Be2 c5 6. O-O Nc6 7. Be3 cxd4 8. Nxd4
Nge7 9. c4 dxc4 10. Qa4 Bd3 11. Bxd3 cxd3 12. Na3 Qd7 13. Nc4 Nd5 14. Nxc6 Qxc6
15. Qxc6+ bxc6 16. Rac1 Be7 17. Rfd1 Kd7 18. Rxd3 Rhc8 19. Bd2 h5 20. Ra3 g6
21. Rf3 Ke8 22. Rb3 Rab8 23. Rxb8 Rxb8 24. Kf1 Kd7 25. Rd1 Ke8 26. Be1 Rb5 27.
b3 Nb6 28. Na5 Rc5 29. Bb4 Rc2 30. Bxe7 Kxe7 31. Rd6 Rxa2 32. Nxc6+ Kf8 33. g3
Rb2 34. b4 g5 35. Rd4 1/2-1/2

[Event "Arnold Eikrem Memorial"]
[Site "Oslo"]
[Date "2009.04.04"]
[Round "1"]
[White "Hammer, Jon Ludvig"]
[Black "Berg, Emanuel"]
[Result "1/2-1/2"]
[WhiteElo "2566"]
[BlackElo "2610"]
[PlyCount "59"]
[EventDate "2009.??.??"]

1. d4 f5 2. c4 Nf6 3. Bg5 Ne4 4. Bf4 e6 5. Nd2 Bb4 6. a3 Bxd2+ 7. Bxd2 Nxd2 8.
Qxd2 d6 9. g3 Nd7 10. Bg2 Nf6 11. Nf3 Qe7 12. Qc3 O-O 13. O-O Re8 14. c5 dxc5
15. Rac1 cxd4 16. Qxc7 e5 17. Qxe7 Rxe7 18. Rc5 e4 19. Nxd4 b6 20. Rc2 g6 21.
Rfc1 Ba6 22. e3 Rd7 23. Bf1 Bxf1 24. Kxf1 Kf7 25. Ke2 Ng4 26. h4 h5 27. Rc8
Rxc8 28. Rxc8 Ne5 29. b4 Ke7 30. Nc6+ 1/2-1/2